Plotselinge Dood - Sudden Death - Statistieken

Algemene statistieken
  • Deze quiz is 3.705 keer genomen
  • De gemiddelde score is 6 van 16
Answers on the Grid
Answers color-coded by a green-red scale on the quiz's grid according to % correct below.
Buzz Aldrin
David Attenborough
Osama Bin Laden
Mel Brooks
Kobe Bryant
Julius Caesar
Jimmy Carter
James Dean
Prinses Diana
Michael Douglas
Clint Eastwood
Franz Ferdinand
Mahatma Gandhi
Katherine Hepburn
Adolf Hitler
Buddy Holly
Bob Hope
Mick Jagger
Thomas Jefferson
Grace Kelly
John F. Kennedy
Heath Ledger
Bruce Lee
Christopher Lee
Jack Lemmon
John Lennon
Paul McCartney
Al Pacino
River Phoenix
Koningin Victoria
Paul Walker
Betty White
 
Antwoordstatistieken
Antwoord % Correct
Osama Bin Laden
64%
Julius Caesar
63%
Kobe Bryant
59%
Prinses Diana
59%
John F. Kennedy
57%
Adolf Hitler
56%
John Lennon
41%
Franz Ferdinand
38%
Paul Walker
31%
Heath Ledger
26%
Mahatma Gandhi
24%
James Dean
23%
Bruce Lee
20%
Grace Kelly
19%
Buddy Holly
15%
River Phoenix
15%
Geen overeenkomende quizzen gevonden
Scoreverdeling
Procent van Mensen met Elke Score
Percentiel versus Aantal Correcte Antwoorden
Uw Scoregeschiedenis
U heeft deze quiz nog niet genomen